Managing sustainable tourism: A legacy for the future (Record no. 24596)

MARC details
000 -LEADER
fixed length control field 00498nam a2200181Ia 4500
008 - FIXED-LENGTH DATA ELEMENTS--GENERAL INFORMATION
fixed length control field 230917s9999||||xx |||||||||||||| ||und||
020 ## - ISBN
Price GBP39.99
040 ## - CATALOGING SOURCE
-- 243420
Original cataloging agency VIVEKANANDA LIBRARY
041 ## - Language
-- English
082 ## - DDC NUMBER
Classification number 338.4791 E35M(2)
100 ## - MAIN ENTRY--PERSONAL NAME
Personal name Edgell, David L
245 #0 - TITLE STATEMENT
Title Managing sustainable tourism: A legacy for the future
250 ## - EDITION STATEMENT
Edition statement 2nd ed.
260 ## - PUBLICATION, DISTRIBUTION, ETC. (IMPRINT)
Place of publication, distribution, etc London
Name of publisher, distributor, etc Routledge
Date of publication, distribution, etc 2016
300 ## - PHYSICAL DESCRIPTION
Pages xii, 251 p.
500 ## - GENERAL NOTE
General note 2933 20/11/2017 RBP17/67942 28/11/2017 IHTM (SFS)
942 ## - ADDED ENTRY ELEMENTS (KOHA)
Koha item type Books
Holdings
Withdrawn status Lost status Damaged status Not for loan Location (home branch) Sublocation or collection (holding branch) Shelving location Date acquired Koha issues (times borrowed) Koha full call number Accession No. Koha date last seen Koha item type
        VIVEKANANDA LIBRARY VIVEKANANDA LIBRARY IHTM Library 22/12/2017   338.4791 E35M(2) 364029 17/09/2023 Books
        VIVEKANANDA LIBRARY VIVEKANANDA LIBRARY IHTM Library 22/12/2017   338.4791 E35M(2) 364030 17/09/2023 Books
        VIVEKANANDA LIBRARY VIVEKANANDA LIBRARY IHTM Library 22/12/2017   338.4791 E35M(2) 371398 17/09/2023 Books
        VIVEKANANDA LIBRARY VIVEKANANDA LIBRARY IHTM Library 22/12/2017   338.4791 E35M(2) 371399 17/09/2023 Books
© Designed and Maintained by Vivekananda Library, MDU Rohtak